000 00762nam a2200169 a 4500
001 000039774
005 20201002033727.0
008 130719s1964 ve 001 0 spa d
040 _aDO-SdBNP
_bspa
_cBNPHU
100 1 _aRosas Marcano, Jesús
_965969
245 1 3 _aLa independencia de Venezuela y los periodicos de Paris 1808 -1825 /
_cJesús Rosas Marcano.
260 _aVenezuela :
_bPublicación del Consejo de Desarrollo Científico y Humanístico y del Instituto de Investigaciones de Prensa, Universidad Central de Venezuela,
_c1964.
300 _a489 p. ;
_c24 cm.
500 _aTexto completo de las noticias estudiadas": p. 93-465.
504 _aIncluye referencias bibliográficas y notas al pie de las páginas
500 _aBibliografía: p. 475-[478]
999 _c39264
_d39264